书目信息 |
| 题名: |
外行煲汤
|
|
| 作者: | 张家伟 , 睦琴 , 吕云媛 编著 | |
| 分册: | ||
| 出版信息: | 上海 上海科技教育出版社 2004 |
|
| 页数: | 267页 | |
| 开本: | 20cm | |
| 丛书名: | 休闲丛书 | |
| 单 册: | ||
| 中图分类: | TS972.122 | |
| 科图分类: | ||
| 主题词: | 汤菜--菜谱--中国 | |
| 电子资源: | ||
| ISBN: | 7-5428-2242-X | |
| 000 | 00973nam0 2200277 450 | |
| 001 | TS2006037653 | |
| 005 | 20061206143809.70 | |
| 010 | @a7-5428-2242-X@dCNY18.00 | |
| 100 | @a20060829d2004 em y0chiy0120 ea | |
| 101 | 0 | @achi |
| 102 | @aCN@b310000 | |
| 105 | @aa z 000yy | |
| 200 | 1 | @a外行煲汤@AWai Hang Bao Tang@f张家伟,睦琴,吕云媛编著@FZhang Jia Wei, Mu Qin, Lu^ Yun Yuan Bian Zhu |
| 210 | @a上海@c上海科技教育出版社@d2004 | |
| 215 | @a267页@c图@d20cm | |
| 225 | 2 | @a休闲丛书 |
| 304 | @a版权页题:张家伟,眭琴,吕云媛编著 | |
| 330 | @a本书介绍了各种各样煲汤的用具,煲汤的原料,煲汤时需掌握的关键技能以及300余种汤的煲法,对于不会煲汤但又爱喝汤的人来说,这是一本很值得参考书。 | |
| 410 | 0 | @12001 @a休闲丛书 |
| 606 | 0 | @a汤菜@x菜谱@y中国 |
| 690 | @aTS972.122@v4 | |
| 701 | 0 | @a张家伟@AZhang Jia Wei@4编著 |
| 701 | 0 | @a睦琴@AMu Qin@4编著 |
| 701 | 0 | @a吕云媛@ALu^ Yun Yuan@4编著 |
| 801 | 0 | @aCN@b中图数据@c20061206 |
| 905 | @a10447@dTS972.122@e187 | |
| 外行煲汤/张家伟,睦琴,吕云媛编著.-上海:上海科技教育出版社,2004 |
| 267页:图;20cm.-(休闲丛书) |
| ISBN 7-5428-2242-X:CNY18.00 |
| 本书介绍了各种各样煲汤的用具,煲汤的原料,煲汤时需掌握的关键技能以及300余种汤的煲法,对于不会煲汤但又爱喝汤的人来说,这是一本很值得参考书。 |
| ● |
| 相关链接 |
|
|
|
|
正题名:外行煲汤
索取号:TS972.122/187
 
预约/预借
| 序号 | 登录号 | 条形码 | 馆藏地/架位号 | 状态 | 备注 |
| 1 | 0616116 | 206161160 | 第二样本阅览室/ [索取号:TS972.122/187] | 在馆 | |
| 2 | 0616117 | 206161179 | 第三借阅区/ [索取号:TS972.122/187] | 在馆 | |
| 3 | 0616118 | 206161188 | 第三借阅区/ [索取号:TS972.122/187] | 在馆 | |
| 4 | 0616119 | 206161197 | 第三借阅区/ [索取号:TS972.122/187] | 在馆 | |
| 5 | 0616120 | 206161204 | 第三借阅区/ [索取号:TS972.122/187] | 在馆 |